All Counter-Strike Global Offensive maps - Statistics

General Stats
  • This quiz has been taken 25 times
  • The average score is 9 of 11
Answer Stats
Answer % Correct
Dust 2
100%
Mirage
100%
Nuke
95%
Inferno
89%
Overpass
84%
Ancient
79%
Train
74%
Cobblestone
68%
Cache
63%
Vertigo
63%
Anubis
58%
No matching quizzes found
Score Distribution
Percent of People with Each Score
Percentile by Number Answered
Your Score History
You have not taken this quiz